[Event "Open A"]
[Site "Dortmund, Germany"]
[Date "2024.08.11"]
[Round "2.1"]
[White "Noeldner, Julian"]
[Black "Korobov, Anton"]
[Result "0-1"]
[WhiteElo "2189"]
[BlackElo "2648"]
[PlyCount "109"]
[EventDate "2024.??.??"]

1. e4 {[%emt 0:00:11]} c5 {[%emt 0:00:04]} 2. Nf3 {[%emt 0:00:23]} d6 {[%emt 0:00:05]} 3. d4 {[%emt 0:00:58]} cxd4 {[%emt 0:00:05]} 4. Nxd4 {[%emt 0:00:05]} Nf6 {[%emt 0:00:05]} 5. Nc3 {[%emt 0:00:05]} a6 {[%emt 0:00:11]} 6. h3 {[%emt 0:00:49]} e6 {[%emt 0:00:27]} 7. g4 {[%emt 0:00:07]} b5 {[%emt 0:00:04]} 8. Bg2 {[%emt 0:02:17]} Bb7 {[%emt 0:00:17]} 9. O-O {[%emt 0:00:08]} b4 {[%emt 0:04:32]} 10. Nd5 {[%emt 0:09:08]} exd5 {[%emt 0:02:40]} 11. exd5 {[%emt 0:01:44]} Be7 {[%emt 0:00:06]} 12. g5 {[%emt 0:05:33]} O-O {[%emt 0:05:44]} 13. gxf6 {[%emt 0:07:40]} Bxf6 {[%emt 0:00:04]} 14. Be3 {[%emt 0:00:19]} a5 {[%emt 0:10:46]} 15. a3 {[%emt 0:04:03]} Na6 {[%emt 0:06:59]} 16. Qd2 {[%emt 0:05:52]} Re8 {[%emt 0:03:35]} 17. axb4 {[%emt 0:04:26]} Nxb4 {[%emt 0:02:14]} 18. c4 {[%emt 0:03:30]} Bc8 {[%emt 0:05:26]} 19. Ra3 {[%emt 0:03:19]} Bd7 {[%emt 0:03:57]} 20. Kh2 {[%emt 0:07:40]} Qc8 {[%emt 0:11:00]} 21. b3 {[%emt 0:07:02]} Bf5 {[%emt 0:01:49]} 22. Ra4 {[%emt 0:08:07]} h5 {[%emt 0:10:43]} 23. Rfa1 {[%emt 0:03:47]} Be5+ {[%emt 0:00:47]} 24. f4 {[%emt 0:01:02]} Bxd4 {[%emt 0:00:03]} 25. Bxd4 {[%emt 0:00:13]} Nc2 {[%emt 0:00:04]} 26. R1a2 {[%emt 0:00:52]} Nxd4 {[%emt 0:00:48]} 27. Qxd4 {[%emt 0:00:05]} Qb7 {[%emt 0:02:21]} 28. Qc3 {[%emt 0:05:48]} Qb6 {[%emt 0:01:18]} 29. c5 {[%emt 0:01:50]} dxc5 {[%emt 0:03:26]} 30. Rxa5 {[%emt 0:00:07]} Rxa5 {[%emt 0:00:53]} 31. Rxa5 {[%emt 0:00:06]} h4 {[%emt 0:04:07]} 32. Ra2 {[%emt 0:02:52]} Qd6 {[%emt 0:04:10]} 33. Qf3 {[%emt 0:01:57]} g6 {[%emt 0:05:56]} 34. Qf2 {[%emt 0:04:01]} Qb6 {[%emt 0:00:25]} 35. Rb2 {[%emt 0:01:29]} Qb4 {[%emt 0:02:23]} 36. Qd2 {[%emt 0:00:58]} Kf8 {[%emt 0:02:19]} 37. Qf2 {[%emt 0:03:13]} Qd4 {[%emt 0:01:48]} 38. Rd2 {[%emt 0:05:53]} Qxf2 {[%emt 0:00:19]} 39. Rxf2 {[%emt 0:00:04]} Rb8 {[%emt 0:00:22]} 40. Rf3 {[%emt 0:01:37]} Ke7 {[%emt 0:00:13]} 41. Bf1 {[%emt 0:02:47]} Kd6 {[%emt 0:00:02]} 42. Bc4 {[%emt 0:00:12]} Ra8 {[%emt 0:00:04]} 43. Re3 {[%emt 0:02:37]} Ra2+ {[%emt 0:00:04]} 44. Kg1 {[%emt 0:00:14]} Rd2 {[%emt 0:00:02]} 45. Re8 {[%emt 0:04:44]} Bxh3 {[%emt 0:01:05]} 46. Rd8+ {[%emt 0:05:20]} Ke7 {[%emt 0:00:37]} 47. Rh8 {[%emt 0:00:10]} Bf5 {[%emt 0:01:27]} 48. Rxh4 {[%emt 0:01:07]} Be4 {[%emt 0:00:01]} 49. Rh3 {[%emt 0:05:51]} Bxd5 {[%emt 0:01:37]} 50. Bxd5 {[%emt 0:00:13]} Rxd5 {[%emt 0:00:01]} 51. Kf2 {[%emt 0:00:08]} Rd2+ {[%emt 0:01:36]} 52. Ke3 {[%emt 0:00:51]} Rd4 {[%emt 0:00:21]} 53. Rf3 {[%emt 0:01:37]} Ke6 {[%emt 0:01:03]} 54. Kf2 {[%emt 0:01:33]} Kf5 {[%emt 0:00:02]} 55. Kg3 {[%emt 0:00:10]} 0-1

[Event "Open A"]
[Site "Dortmund, Germany"]
[Date "2024.08.11"]
[Round "2.2"]
[White "Svane, Frederik"]
[Black "Panjer, Sidney"]
[Result "1-0"]
[WhiteElo "2636"]
[BlackElo "2208"]
[PlyCount "67"]
[EventDate "2024.??.??"]

1. c4 {[%emt 0:00:03]} e6 {[%emt 0:00:05]} 2. Nc3 {[%emt 0:00:06]} d5 {[%emt 0:00:48]} 3. d4 {[%emt 0:00:17]} Nf6 {[%emt 0:00:27]} 4. cxd5 {[%emt 0:00:06]} exd5 {[%emt 0:00:05]} 5. Bg5 {[%emt 0:00:05]} Bb4 {[%emt 0:00:28]} 6. e3 {[%emt 0:00:51]} h6 {[%emt 0:00:29]} 7. Bh4 {[%emt 0:01:21]} g5 {[%emt 0:00:06]} 8. Bg3 {[%emt 0:00:04]} Ne4 {[%emt 0:00:05]} 9. Nge2 {[%emt 0:00:04]} h5 {[%emt 0:00:16]} 10. h3 {[%emt 0:01:29]} Nc6 {[%emt 0:00:04]} 11. Bh2 {[%emt 0:05:12]} g4 {[%emt 0:00:13]} 12. Bf4 {[%emt 0:02:52]} gxh3 {[%emt 0:00:28]} 13. Rc1 {[%emt 0:00:21]} Be6 {[%emt 0:01:44]} 14. a3 {[%emt 0:13:24]} Nxc3 {[%emt 0:00:25]} 15. Nxc3 {[%emt 0:00:05]} Bd6 {[%emt 0:00:11]} 16. Qf3 {[%emt 0:00:58]} a6 {[%emt 0:23:44]} 17. g3 {[%emt 0:24:07]} h4 {[%emt 0:19:59]} 18. Bxh3 {[%emt 0:09:24]} hxg3 {[%emt 0:08:14]} 19. Bxg3 {[%emt 0:02:05]} Bxg3 {[%emt 0:04:34]} 20. Bxe6 {[%emt 0:05:15]} Rxh1+ {[%emt 0:00:13]} 21. Kd2 {[%emt 0:01:46]} Rh7 {[%emt 0:12:44]} 22. Bxd5 {[%emt 0:02:09]} Kf8 {[%emt 0:13:29]} 23. Qxg3 {[%emt 0:07:37]} Qh4 {[%emt 0:01:44]} 24. Qf3 {[%emt 0:05:24]} Qh3 {[%emt 0:09:21]} 25. Bxc6 {[%emt 0:03:21]} bxc6 {[%emt 0:00:10]} 26. Qxc6 {[%emt 0:00:02]} Re8 {[%emt 0:00:10]} 27. Qxc7 {[%emt 0:07:49]} Qg2 {[%emt 0:00:37]} 28. Qc5+ {[%emt 0:04:07]} Kg8 {[%emt 0:00:32]} 29. Qf5 {[%emt 0:00:01]} Rh2 {[%emt 0:01:29]} 30. Ke2 {[%emt 0:00:08]} Re6 {[%emt 0:01:06]} 31. Nd5 {[%emt 0:01:35]} Kg7 {[%emt 0:00:24]} 32. Rc7 {[%emt 0:00:55]} Qg6 {[%emt 0:00:20]} 33. Qf3 {[%emt 0:01:21]} Rd6 {[%emt 0:01:15]} 34. Ne7 {[%emt 0:00:25]} 1-0

[Event "Open A"]
[Site "Dortmund, Germany"]
[Date "2024.08.11"]
[Round "2.3"]
[White "Engel, Bruno"]
[Black "Yoo, Christopher Woojin"]
[Result "0-1"]
[WhiteElo "2211"]
[BlackElo "2616"]
[PlyCount "112"]
[EventDate "2024.??.??"]

1. e4 {[%emt 0:00:06]} c5 {[%emt 0:00:10]} 2. Nf3 {[%emt 0:00:15]} d6 {[%emt 0:00:05]} 3. Bb5+ {[%emt 0:00:14]} Nd7 {[%emt 0:00:12]} 4. a4 {[%emt 0:00:10]} a6 {[%emt 0:00:21]} 5. Be2 {[%emt 0:00:19]} Ngf6 {[%emt 0:00:48]} 6. Nc3 {[%emt 0:00:12]} b6 {[%emt 0:00:25]} 7. d4 {[%emt 0:01:29]} cxd4 {[%emt 0:00:17]} 8. Nxd4 {[%emt 0:01:17]} Bb7 {[%emt 0:00:10]} 9. f3 {[%emt 0:11:46]} e6 {[%emt 0:03:41]} 10. Be3 {[%emt 0:08:48]} Qc7 {[%emt 0:02:34]} 11. O-O {[%emt 0:03:59]} Be7 {[%emt 0:01:14]} 12. Qe1 {[%emt 0:07:54]} O-O {[%emt 0:06:15]} 13. Rd1 {[%emt 0:09:24]} Rfc8 {[%emt 0:11:12]} 14. Qf2 {[%emt 0:04:29]} h6 {[%emt 0:07:02]} 15. h3 {[%emt 0:02:52]} d5 {[%emt 0:04:13]} 16. exd5 {[%emt 0:01:14]} Nxd5 {[%emt 0:11:26]} 17. Nxd5 {[%emt 0:00:41]} Bxd5 {[%emt 0:00:05]} 18. b3 {[%emt 0:06:04]} Bd6 {[%emt 0:03:09]} 19. f4 {[%emt 0:02:29]} Nf6 {[%emt 0:01:56]} 20. c4 {[%emt 0:05:50]} Ne4 {[%emt 0:01:52]} 21. Qe1 {[%emt 0:00:51]} Bb7 {[%emt 0:01:01]} 22. Bd3 {[%emt 0:02:09]} Rd8 {[%emt 0:01:47]} 23. Bxe4 {[%emt 0:10:24]} Bxe4 {[%emt 0:00:09]} 24. Qf2 {[%emt 0:00:35]} Bc5 {[%emt 0:01:52]} 25. Rfe1 {[%emt 0:01:23]} Rd6 {[%emt 0:02:04]} 26. Nb5 {[%emt 0:08:23]} axb5 {[%emt 0:01:28]} 27. Rxd6 {[%emt 0:00:06]} Bxd6 {[%emt 0:03:13]} 28. Bxb6 {[%emt 0:00:14]} Qb7 {[%emt 0:00:21]} 29. c5 {[%emt 0:01:13]} Bf8 {[%emt 0:01:46]} 30. axb5 {[%emt 0:00:30]} Bd5 {[%emt 0:01:04]} 31. Rc1 {[%emt 0:03:08]} Qb8 {[%emt 0:05:50]} 32. c6 {[%emt 0:03:06]} Bd6 {[%emt 0:00:25]} 33. c7 {[%emt 0:02:11]} Qb7 {[%emt 0:00:22]} 34. Ba5 {[%emt 0:00:08]} Rc8 {[%emt 0:01:45]} 35. b6 {[%emt 0:00:49]} Bxb3 {[%emt 0:03:16]} 36. Bc3 {[%emt 0:00:27]} Bd5 {[%emt 0:01:39]} 37. Bd4 {[%emt 0:00:21]} Bf8 {[%emt 0:02:10]} 38. f5 {[%emt 0:00:54]} exf5 {[%emt 0:05:05]} 39. Qxf5 {[%emt 0:00:05]} Be6 {[%emt 0:01:28]} 40. Qe5 {[%emt 0:01:06]} Ra8 {[%emt 0:03:55]} 41. Rc3 {[%emt 0:02:02]} Kh7 {[%emt 0:13:47]} 42. Rg3 {[%emt 0:00:57]} g5 {[%emt 0:00:03]} 43. Qh8+ {[%emt 0:02:01]} Kg6 {[%emt 0:00:04]} 44. Qg8+ {[%emt 0:01:28]} Kh5 {[%emt 0:00:38]} 45. Rf3 {[%emt 0:23:45]} Bc5 {[%emt 0:02:06]} 46. Qg7 {[%emt 0:00:37]} Qxb6 {[%emt 0:01:50]} 47. g4+ {[%emt 0:00:37]} Bxg4 {[%emt 0:00:03]} 48. hxg4+ {[%emt 0:01:01]} Kxg4 {[%emt 0:00:36]} 49. c8=Q+ {[%emt 0:00:37]} Rxc8 {[%emt 0:00:08]} 50. Kg2 {[%emt 0:01:14]} Bxd4 {[%emt 0:01:27]} 51. Rg3+ {[%emt 0:00:08]} Kf5 {[%emt 0:00:16]} 52. Rf3+ {[%emt 0:00:39]} Ke4 {[%emt 0:00:57]} 53. Qxf7 {[%emt 0:01:08]} Qb2+ {[%emt 0:01:26]} 54. Kh3 {[%emt 0:00:13]} g4+ {[%emt 0:00:26]} 55. Kxg4 {[%emt 0:00:08]} Qg2+ {[%emt 0:00:07]} 56. Rg3 {[%emt 0:00:07]} h5+ {[%emt 0:00:10]} 0-1

[Event "Open A"]
[Site "Dortmund, Germany"]
[Date "2024.08.11"]
[Round "2.4"]
[White "Sasikiran, Krishnan"]
[Black "Wickenfeld, Stefan"]
[Result "1-0"]
[WhiteElo "2579"]
[BlackElo "2206"]
[PlyCount "77"]
[EventDate "2024.??.??"]

1. e4 {[%emt 0:00:11]} c5 {[%emt 0:00:07]} 2. Nf3 {[%emt 0:00:24]} e6 {[%emt 0:00:08]} 3. d4 {[%emt 0:01:17]} cxd4 {[%emt 0:00:07]} 4. Nxd4 {[%emt 0:00:04]} Nc6 {[%emt 0:00:07]} 5. Nc3 {[%emt 0:00:47]} Qc7 {[%emt 0:00:18]} 6. Be3 {[%emt 0:05:17]} a6 {[%emt 0:00:08]} 7. Qd2 {[%emt 0:01:57]} b5 {[%emt 0:00:46]} 8. Nxc6 {[%emt 0:03:46]} Qxc6 {[%emt 0:00:32]} 9. f3 {[%emt 0:02:52]} Bb7 {[%emt 0:07:11]} 10. O-O-O {[%emt 0:03:01]} Rd8 {[%emt 0:06:02]} 11. Bd3 {[%emt 0:05:26]} Bb4 {[%emt 0:10:11]} 12. Bd4 {[%emt 0:07:14]} f6 {[%emt 0:02:27]} 13. e5 {[%emt 0:04:25]} f5 {[%emt 0:01:59]} 14. Qg5 {[%emt 0:04:17]} g6 {[%emt 0:06:00]} 15. h4 {[%emt 0:03:26]} Be7 {[%emt 0:09:40]} 16. Qd2 {[%emt 0:05:14]} Bc5 {[%emt 0:01:20]} 17. Ne2 {[%emt 0:12:21]} Bxd4 {[%emt 0:01:37]} 18. Nxd4 {[%emt 0:00:09]} Qd5 {[%emt 0:00:08]} 19. Nb3 {[%emt 0:07:00]} Qxe5 {[%emt 0:03:21]} 20. Rhe1 {[%emt 0:04:15]} Qc7 {[%emt 0:02:53]} 21. Qg5 {[%emt 0:04:26]} Kf7 {[%emt 0:06:13]} 22. Nd4 {[%emt 0:04:37]} Nf6 {[%emt 0:05:07]} 23. g4 {[%emt 0:00:55]} f4 {[%emt 0:07:57]} 24. Re5 {[%emt 0:05:27]} Rde8 {[%emt 0:04:55]} 25. h5 {[%emt 0:04:11]} gxh5 {[%emt 0:06:55]} 26. Qxf4 {[%emt 0:02:32]} d6 {[%emt 0:01:05]} 27. Rxe6 {[%emt 0:06:44]} Rxe6 {[%emt 0:00:05]} 28. Nxe6 {[%emt 0:00:30]} Kxe6 {[%emt 0:00:05]} 29. Re1+ {[%emt 0:00:53]} Kf7 {[%emt 0:00:12]} 30. g5 {[%emt 0:00:31]} Qd8 {[%emt 0:00:16]} 31. a4 {[%emt 0:00:36]} h6 {[%emt 0:04:14]} 32. Qf5 {[%emt 0:01:06]} Re8 {[%emt 0:09:00]} 33. Qg6+ {[%emt 0:00:14]} Kf8 {[%emt 0:00:10]} 34. Qxh6+ {[%emt 0:00:24]} Kg8 {[%emt 0:00:05]} 35. Rg1 {[%emt 0:00:41]} Ne4 {[%emt 0:02:02]} 36. Qg6+ {[%emt 0:00:33]} Kf8 {[%emt 0:00:08]} 37. fxe4 {[%emt 0:00:22]} Ke7 {[%emt 0:00:25]} 38. Qg7+ {[%emt 0:00:22]} Ke6 {[%emt 0:00:06]} 39. Qxb7 {[%emt 0:00:22]} 1-0

[Event "Open A"]
[Site "Dortmund, Germany"]
[Date "2024.08.11"]
[Round "2.5"]
[White "Mainka, Gregor"]
[Black "Quesada Perez, Luis Ernesto"]
[Result "0-1"]
[WhiteElo "2210"]
[BlackElo "2576"]
[PlyCount "42"]
[EventDate "2024.??.??"]

1. d4 {[%emt 0:00:05]} Nf6 {[%emt 0:09:30]} 2. Nf3 {[%emt 0:00:16]} g6 {[%emt 0:01:01]} 3. e3 {[%emt 0:03:04]} Bg7 {[%emt 0:00:19]} 4. c4 {[%emt 0:04:55]} O-O {[%emt 0:00:07]} 5. Nc3 {[%emt 0:01:34]} d6 {[%emt 0:00:54]} 6. Be2 {[%emt 0:00:44]} Nbd7 {[%emt 0:01:07]} 7. b3 {[%emt 0:04:00]} e5 {[%emt 0:00:08]} 8. Bb2 {[%emt 0:00:23]} Re8 {[%emt 0:00:14]} 9. Qc2 {[%emt 0:03:39]} c6 {[%emt 0:00:30]} 10. O-O {[%emt 0:09:45]} Qe7 {[%emt 0:07:04]} 11. Rfd1 {[%emt 0:18:08]} e4 {[%emt 0:00:55]} 12. Nd2 {[%emt 0:00:10]} Nf8 {[%emt 0:00:08]} 13. b4 {[%emt 0:00:59]} Bf5 {[%emt 0:00:58]} 14. b5 {[%emt 0:06:55]} h5 {[%emt 0:01:54]} 15. bxc6 {[%emt 0:03:31]} bxc6 {[%emt 0:00:07]} 16. Qa4 {[%emt 0:00:14]} Rac8 {[%emt 0:00:19]} 17. Rab1 {[%emt 0:04:22]} Ne6 {[%emt 0:02:29]} 18. Ba3 {[%emt 0:01:59]} Nxd4 {[%emt 0:06:47]} 19. exd4 {[%emt 0:02:10]} e3 {[%emt 0:00:17]} 20. Nf1 {[%emt 0:00:57]} exf2+ {[%emt 0:00:18]} 21. Kxf2 {[%emt 0:00:02]} Bxb1 {[%emt 0:01:15]} 0-1

[Event "Open A"]
[Site "Dortmund, Germany"]
[Date "2024.08.11"]
[Round "2.6"]
[White "Romanov, Evgeny"]
[Black "Boehme, Markus"]
[Result "1-0"]
[WhiteElo "2567"]
[BlackElo "2138"]
[PlyCount "91"]
[EventDate "2024.??.??"]

1. c4 {[%emt 0:00:20]} e6 {[%emt 0:00:19]} 2. g3 {[%emt 0:00:28]} d5 {[%emt 0:00:06]} 3. Bg2 {[%emt 0:00:05]} Nf6 {[%emt 0:00:24]} 4. d4 {[%emt 0:00:28]} Be7 {[%emt 0:00:18]} 5. Nf3 {[%emt 0:00:27]} O-O {[%emt 0:00:08]} 6. Nc3 {[%emt 0:00:32]} dxc4 {[%emt 0:01:01]} 7. Ne5 {[%emt 0:00:43]} Qd6 {[%emt 0:00:57]} 8. Nxc4 {[%emt 0:03:04]} Qa6 {[%emt 0:00:08]} 9. Qa4 {[%emt 0:13:26]} Qxa4 {[%emt 0:06:30]} 10. Nxa4 {[%emt 0:00:47]} Nc6 {[%emt 0:15:40]} 11. e3 {[%emt 0:05:45]} Bd7 {[%emt 0:05:53]} 12. Nc3 {[%emt 0:00:39]} Rab8 {[%emt 0:02:27]} 13. Bd2 {[%emt 0:07:52]} Rfd8 {[%emt 0:14:08]} 14. Ne5 {[%emt 0:10:54]} Nxe5 {[%emt 0:12:11]} 15. dxe5 {[%emt 0:00:08]} Ne8 {[%emt 0:14:20]} 16. Ke2 {[%emt 0:01:53]} b5 {[%emt 0:03:05]} 17. Ne4 {[%emt 0:04:01]} f5 {[%emt 0:04:59]} 18. exf6 {[%emt 0:01:47]} Nxf6 {[%emt 0:00:08]} 19. Ba5 {[%emt 0:01:45]} Rdc8 {[%emt 0:01:13]} 20. Rhd1 {[%emt 0:02:37]} Nd5 {[%emt 0:01:33]} 21. Bh3 {[%emt 0:09:46]} Kf7 {[%emt 0:04:01]} 22. b4 {[%emt 0:02:36]} Be8 {[%emt 0:02:47]} 23. Rac1 {[%emt 0:02:26]} Nb6 {[%emt 0:02:49]} 24. Nc5 {[%emt 0:02:08]} Bxc5 {[%emt 0:02:05]} 25. Rxc5 {[%emt 0:00:07]} Nc4 {[%emt 0:03:03]} 26. Bxc7 {[%emt 0:06:14]} Rb7 {[%emt 0:00:19]} 27. Bd6 {[%emt 0:00:41]} Rd8 {[%emt 0:01:02]} 28. Be5 {[%emt 0:00:27]} Rbd7 {[%emt 0:02:17]} 29. Rxd7+ {[%emt 0:00:57]} Rxd7 {[%emt 0:00:08]} 30. Bd4 {[%emt 0:01:32]} Re7 {[%emt 0:00:50]} 31. Rc8 {[%emt 0:02:29]} Bd7 {[%emt 0:00:56]} 32. Rc7 {[%emt 0:01:13]} Ke8 {[%emt 0:00:34]} 33. Rxa7 {[%emt 0:01:02]} Bc6 {[%emt 0:00:32]} 34. Rxe7+ {[%emt 0:00:49]} Kxe7 {[%emt 0:00:04]} 35. Bxg7 {[%emt 0:00:13]} e5 {[%emt 0:00:16]} 36. f4 {[%emt 0:00:27]} exf4 {[%emt 0:00:38]} 37. gxf4 {[%emt 0:01:03]} Be4 {[%emt 0:00:16]} 38. Bd4 {[%emt 0:01:53]} Kd6 {[%emt 0:00:54]} 39. Bc5+ {[%emt 0:00:26]} Kc7 {[%emt 0:00:28]} 40. f5 {[%emt 0:01:07]} Ne5 {[%emt 0:00:20]} 41. f6 {[%emt 0:01:01]} Bd5 {[%emt 0:00:13]} 42. a3 {[%emt 0:00:32]} Nc4 {[%emt 0:01:09]} 43. e4 {[%emt 0:01:19]} Bf7 {[%emt 0:00:05]} 44. Kf3 {[%emt 0:01:40]} Nxa3 {[%emt 0:00:31]} 45. e5 {[%emt 0:00:15]} Nc4 {[%emt 0:00:22]} 46. e6 {[%emt 0:00:46]} 1-0

[Event "Open A"]
[Site "Dortmund, Germany"]
[Date "2024.08.11"]
[Round "2.7"]
[White "Ohler, Julius"]
[Black "Gavrilescu, David"]
[Result "0-1"]
[WhiteElo "2182"]
[BlackElo "2534"]
[PlyCount "94"]
[EventDate "2024.??.??"]

1. c4 {[%emt 0:00:03]} e5 {[%emt 0:00:27]} 2. g3 {[%emt 0:00:05]} Nf6 {[%emt 0:00:29]} 3. Bg2 {[%emt 0:00:05]} h6 {[%emt 0:00:28]} 4. Nc3 {[%emt 0:02:11]} Bb4 {[%emt 0:00:29]} 5. Nd5 {[%emt 0:08:34]} Nxd5 {[%emt 0:00:37]} 6. cxd5 {[%emt 0:00:05]} O-O {[%emt 0:00:23]} 7. e3 {[%emt 0:02:08]} c6 {[%emt 0:03:37]} 8. a3 {[%emt 0:06:10]} Ba5 {[%emt 0:01:21]} 9. b4 {[%emt 0:01:36]} Bb6 {[%emt 0:08:43]} 10. Bb2 {[%emt 0:02:40]} d6 {[%emt 0:02:05]} 11. dxc6 {[%emt 0:01:47]} Nxc6 {[%emt 0:04:33]} 12. Ne2 {[%emt 0:02:38]} Bg4 {[%emt 0:00:44]} 13. O-O {[%emt 0:05:40]} Qd7 {[%emt 0:01:25]} 14. Re1 {[%emt 0:15:18]} Rfe8 {[%emt 0:03:47]} 15. d3 {[%emt 0:06:28]} d5 {[%emt 0:11:16]} 16. Qb3 {[%emt 0:05:22]} Rad8 {[%emt 0:01:08]} 17. a4 {[%emt 0:05:14]} Bc7 {[%emt 0:12:41]} 18. Rac1 {[%emt 0:04:13]} d4 {[%emt 0:02:21]} 19. b5 {[%emt 0:08:16]} Na5 {[%emt 0:03:25]} 20. Qc2 {[%emt 0:04:04]} Rc8 {[%emt 0:00:49]} 21. exd4 {[%emt 0:01:37]} exd4 {[%emt 0:00:35]} 22. Qd1 {[%emt 0:05:11]} Qe7 {[%emt 0:06:14]} 23. Be4 {[%emt 0:03:24]} Qb4 {[%emt 0:01:00]} 24. Rb1 {[%emt 0:00:36]} Bb6 {[%emt 0:00:15]} 25. h3 {[%emt 0:01:07]} Be6 {[%emt 0:02:04]} 26. Bxd4 {[%emt 0:01:29]} Bb3 {[%emt 0:03:19]} 27. Bxb6 {[%emt 0:00:08]} axb6 {[%emt 0:00:04]} 28. Nf4 {[%emt 0:00:32]} Qxa4 {[%emt 0:00:40]} 29. Qh5 {[%emt 0:02:08]} Rc5 {[%emt 0:02:22]} 30. Qf3 {[%emt 0:00:29]} Rce5 {[%emt 0:02:42]} 31. Rec1 {[%emt 0:01:38]} Ba2 {[%emt 0:01:46]} 32. Rb2 {[%emt 0:01:50]} Qa3 {[%emt 0:00:24]} 33. Rcc2 {[%emt 0:00:56]} Bb3 {[%emt 0:00:50]} 34. Rd2 {[%emt 0:00:16]} Rxb5 {[%emt 0:01:13]} 35. Nd5 {[%emt 0:02:21]} Qd6 {[%emt 0:03:03]} 36. Nc3 {[%emt 0:01:24]} Rc5 {[%emt 0:00:40]} 37. d4 {[%emt 0:00:43]} Rxc3 {[%emt 0:00:57]} 38. Qxc3 {[%emt 0:00:05]} Rxe4 {[%emt 0:00:05]} 39. Qc8+ {[%emt 0:00:55]} Qf8 {[%emt 0:00:30]} 40. Qxf8+ {[%emt 0:00:31]} Kxf8 {[%emt 0:00:01]} 41. Rd3 {[%emt 0:01:15]} Re1+ {[%emt 0:01:27]} 42. Kg2 {[%emt 0:00:27]} Bd5+ {[%emt 0:00:39]} 43. f3 {[%emt 0:00:04]} Nc4 {[%emt 0:00:05]} 44. Rb5 {[%emt 0:00:30]} Bc6 {[%emt 0:00:06]} 45. Rb4 {[%emt 0:00:05]} b5 {[%emt 0:00:04]} 46. Kf2 {[%emt 0:00:20]} Ra1 {[%emt 0:00:23]} 47. d5 {[%emt 0:00:09]} Bd7 {[%emt 0:00:17]} 0-1

[Event "Open A"]
[Site "Dortmund, Germany"]
[Date "2024.08.11"]
[Round "2.8"]
[White "Klaska, Philipp Leon"]
[Black "Samadov, Read"]
[Result "1/2-1/2"]
[WhiteElo "2184"]
[BlackElo "2509"]
[PlyCount "105"]
[EventDate "2024.??.??"]

1. e4 {[%emt 0:00:11]} c5 {[%emt 0:00:10]} 2. Nf3 {[%emt 0:00:10]} d6 {[%emt 0:00:07]} 3. d4 {[%emt 0:00:09]} cxd4 {[%emt 0:00:08]} 4. Nxd4 {[%emt 0:00:03]} Nf6 {[%emt 0:00:11]} 5. Nc3 {[%emt 0:00:11]} a6 {[%emt 0:00:06]} 6. h3 {[%emt 0:00:26]} e6 {[%emt 0:00:46]} 7. g4 {[%emt 0:00:10]} h6 {[%emt 0:00:12]} 8. Bg2 {[%emt 0:00:11]} Be7 {[%emt 0:00:18]} 9. h4 {[%emt 0:01:12]} Nc6 {[%emt 0:01:00]} 10. g5 {[%emt 0:00:51]} hxg5 {[%emt 0:00:20]} 11. hxg5 {[%emt 0:00:06]} Rxh1+ {[%emt 0:00:09]} 12. Bxh1 {[%emt 0:00:03]} Nh7 {[%emt 0:00:28]} 13. Nxc6 {[%emt 0:00:31]} bxc6 {[%emt 0:00:02]} 14. g6 {[%emt 0:01:51]} fxg6 {[%emt 0:00:08]} 15. Qd3 {[%emt 0:00:09]} e5 {[%emt 0:00:51]} 16. Bd2 {[%emt 0:00:18]} Be6 {[%emt 0:01:48]} 17. O-O-O {[%emt 0:00:21]} Nf6 {[%emt 0:01:49]} 18. f4 {[%emt 0:00:09]} Qb6 {[%emt 0:01:58]} 19. Qg3 {[%emt 0:01:37]} Ng4 {[%emt 0:03:20]} 20. f5 {[%emt 0:03:39]} gxf5 {[%emt 0:00:42]} 21. exf5 {[%emt 0:00:14]} Bxf5 {[%emt 0:00:17]} 22. Be4 {[%emt 0:02:17]} Bd7 {[%emt 0:09:44]} 23. Re1 {[%emt 0:26:45]} O-O-O {[%emt 0:10:05]} 24. Na4 {[%emt 0:10:37]} Qb5 {[%emt 0:19:25]} 25. b3 {[%emt 0:04:43]} Rf8 {[%emt 0:07:37]} 26. Bf3 {[%emt 0:06:23]} Nh6 {[%emt 0:03:41]} 27. Be2 {[%emt 0:07:40]} Qb7 {[%emt 0:02:55]} 28. Qxg7 {[%emt 0:08:42]} Nf5 {[%emt 0:00:26]} 29. Qh7 {[%emt 0:00:41]} Bd8 {[%emt 0:03:33]} 30. Rf1 {[%emt 0:04:30]} Be6 {[%emt 0:02:50]} 31. Qg6 {[%emt 0:02:41]} Qe7 {[%emt 0:13:08]} 32. Bxa6+ {[%emt 0:07:13]} Kb8 {[%emt 0:00:46]} 33. Qg2 {[%emt 0:03:10]} Nd4 {[%emt 0:04:27]} 34. Rxf8 {[%emt 0:02:09]} Qxf8 {[%emt 0:00:02]} 35. c3 {[%emt 0:01:24]} Nf3 {[%emt 0:02:50]} 36. Be3 {[%emt 0:02:09]} Qf7 {[%emt 0:02:49]} 37. Qf2 {[%emt 0:01:18]} Bc8 {[%emt 0:04:02]} 38. Bd3 {[%emt 0:02:30]} d5 {[%emt 0:02:04]} 39. Nc5 {[%emt 0:00:38]} Bh4 {[%emt 0:02:43]} 40. Qb2 {[%emt 0:01:39]} e4 {[%emt 0:01:47]} 41. Be2 {[%emt 0:07:33]} Qf6 {[%emt 0:08:30]} 42. Kc2 {[%emt 0:18:06]} Ne1+ {[%emt 0:06:40]} 43. Kb1 {[%emt 0:01:12]} Bf2 {[%emt 0:02:41]} 44. Qd2 {[%emt 0:02:00]} Bxe3 {[%emt 0:03:59]} 45. Qxe3 {[%emt 0:00:06]} Ng2 {[%emt 0:00:57]} 46. Nd7+ {[%emt 0:01:35]} Ka8 {[%emt 0:01:33]} 47. Qb6 {[%emt 0:02:40]} Bxd7 {[%emt 0:00:20]} 48. Qa6+ {[%emt 0:00:12]} Kb8 {[%emt 0:00:03]} 49. Qb6+ {[%emt 0:00:03]} Ka8 50. Ba6 {[%emt 0:00:58]} Bc8 {[%emt 0:00:10]} 51. Bxc8 {[%emt 0:00:08]} Qf1+ {[%emt 0:00:37]} 52. Kb2 {[%emt 0:00:15]} Qe2+ {[%emt 0:00:15]} 53. Ka3 {[%emt 0:01:19]} 1/2-1/2

[Event "Open A"]
[Site "Dortmund, Germany"]
[Date "2024.08.11"]
[Round "2.9"]
[White "Zwirs, Nico"]
[Black "Pipiras, Filipa Fortuna"]
[Result "1-0"]
[WhiteElo "2467"]
[BlackElo "2192"]
[PlyCount "61"]
[EventDate "2024.??.??"]

1. e4 c5 {[%emt 0:09:08]} 2. Nf3 {[%emt 0:00:05]} e6 {[%emt 0:00:31]} 3. d4 {[%emt 0:00:04]} cxd4 {[%emt 0:00:04]} 4. Nxd4 {[%emt 0:00:05]} Nf6 {[%emt 0:00:04]} 5. Nc3 {[%emt 0:00:12]} Nc6 {[%emt 0:00:12]} 6. Qd3 {[%emt 0:00:35]} d5 {[%emt 0:01:18]} 7. exd5 {[%emt 0:00:37]} Nb4 {[%emt 0:01:13]} 8. Qg3 {[%emt 0:00:23]} Bc5 {[%emt 0:00:40]} 9. a3 {[%emt 0:01:15]} Nbxd5 {[%emt 0:03:31]} 10. Nxd5 {[%emt 0:02:01]} Qxd5 {[%emt 0:10:06]} 11. Nb5 {[%emt 0:00:34]} O-O {[%emt 0:09:32]} 12. Nc3 {[%emt 0:00:31]} Qc6 {[%emt 0:05:30]} 13. Bh6 {[%emt 0:22:22]} Ne8 {[%emt 0:01:33]} 14. Bb5 {[%emt 0:14:01]} Qb6 {[%emt 0:07:07]} 15. Bxe8 {[%emt 0:08:12]} Bd4 {[%emt 0:02:38]} 16. O-O-O {[%emt 0:07:58]} Rxe8 {[%emt 0:09:59]} 17. Na4 {[%emt 0:02:00]} Qd8 {[%emt 0:01:56]} 18. Bxg7 {[%emt 0:09:05]} Bxg7 {[%emt 0:00:12]} 19. Rxd8 {[%emt 0:00:05]} Rxd8 {[%emt 0:00:05]} 20. Nc5 {[%emt 0:01:51]} b6 {[%emt 0:12:05]} 21. Qc7 {[%emt 0:04:53]} Rd5 {[%emt 0:04:58]} 22. Qc6 {[%emt 0:01:05]} Rb8 {[%emt 0:03:11]} 23. Qe8+ {[%emt 0:01:31]} Bf8 {[%emt 0:00:23]} 24. Na6 {[%emt 0:01:24]} Bxa6 {[%emt 0:05:26]} 25. Qxb8 {[%emt 0:00:06]} Rc5 {[%emt 0:00:05]} 26. Rd1 {[%emt 0:01:29]} Kg7 {[%emt 0:02:16]} 27. Rd8 {[%emt 0:01:25]} Be7 {[%emt 0:00:33]} 28. Rg8+ {[%emt 0:00:06]} Kh6 {[%emt 0:00:13]} 29. Qf4+ {[%emt 0:00:32]} Bg5 {[%emt 0:00:29]} 30. Rxg5 {[%emt 0:00:06]} Rxg5 {[%emt 0:00:04]} 31. h4 {[%emt 0:00:08]} 1-0